000 00587 a2200181 4500
999 _c8556
_d8556
020 _a9780631192589
050 0 0 _aBD161.C637 COM 1992
245 0 2 _aA Companion to epistemology /
_cedited by Jonathan Dancy and Ernest Sosa.
264 _aOxford:
_bBlackwell Publishing,
_c1992
300 _axv, 541 p. :
_bill. ;
440 0 _aBlackwell companions to philosophy
500 _aIncludes index
504 _aIncludes bibliographical references and index.
650 0 _aKnowledge, Theory of.
700 1 _aDancy, Jonathan.
700 1 _aSosa, Ernest.
942 _2lcc
_cBK
_h161.C637
_iCOM
_kBD